Completa la citazione - Cars 2 - Statistics

Statistiche generali
  • Questo quiz è stato fatto 41 volte
  • Il punteggio medio è 6 su 10
Statistiche sulle risposte
Personaggio Citazione % Corretto
Miles Axlerod Da oggi non dovrete più vergognarvi di ciò che siete! Lunga vita ai {Catorci}!
87%
Zio Topolino Un'auto saggia sente una parola e ne capisce {due}
82%
Carl Attrezzi Questo perché è raffreddata {ad aria}
74%
Daisu Tsashimi No, no, {wasabi}
71%
Holley Shiftwell Una Volkswagen Karmann Ghia non ha il {radiatore}
71%
Leland Turbo Qui è l'agente Leland Turbo. Ho un comunicato per l'agente {Finn McMissile}
68%
Francesco Bernoulli Tu sei velocità? Allora Francesco è a {tripla} velocità!
68%
Finn McMissile Non mi sono ancora presentato come si deve. Finn McMissile, {intelligence britannica}
39%
Carl Attrezzi Carl Attrezzi, intelligence... be' {insomma}...
26%
Brent Mustangburger Giappone, la terra del sol levante, dove le antiche tradizioni incontrano la {moderna tecnologia}
18%
Nessun quiz corrispondente trovato
Distribuzione punteggi
Percentuale di utenti per punteggio
Percentile per numero di risposta
I tuoi punteggi nel tempo
Non hai fatto questo quiz